00498nam a2200193 a 4500001001300000003000900013005001700022008004100039020002500080082001500105100001900120245002100139260004500160300000900205500003500214505001700249650001900266700001900285nice12345678IN_TiNIC20260116013941.0050524s1993 chia grp 000 0 eng  a0226278 c808.500a241.2bBAL aBall, Milner S aWord and the Law aChicagobChicago University Press c1993 a216p aincludes index and biblioraphy2 aNotes, Index aLaw and Gospel1 aBall, Milner S